Welcome to CU Library Online Public Access Catalogue (OPAC)

Literature and the writing process / (Record no. 9530)

MARC details
000 -LEADER
fixed length control field 00903cam a2200265 a 4500
001 - CONTROL NUMBER
control field 13407962
005 - DATE AND TIME OF LATEST TRANSACTION
control field 20260422165939.0
008 - FIXED-LENGTH DATA ELEMENTS--GENERAL INFORMATION
fixed length control field 031118s2005 njuaf b 001 0 eng
020 ## - INTERNATIONAL STANDARD BOOK NUMBER
International Standard Book Number 0131891022
020 ## - INTERNATIONAL STANDARD BOOK NUMBER
International Standard Book Number 9780131891029
050 00 - LIBRARY OF CONGRESS CALL NUMBER
Classification number PE1417
Item number .M45 2005
082 00 - DEWEY DECIMAL CLASSIFICATION NUMBER
Classification number 808/.0668
Edition information 22
100 1# - MAIN ENTRY--PERSONAL NAME
Personal name McMahan, Elizabeth.
245 10 - TITLE STATEMENT
Title Literature and the writing process /
Statement of responsibility, etc. Elizabeth McMahan, Susan X Day, Robert Funk.
250 ## - EDITION STATEMENT
Edition statement 7th ed.
260 ## - PUBLICATION, DISTRIBUTION, ETC.
Place of publication, distribution, etc. Upper Saddle River, N.J. :
Name of publisher, distributor, etc. Pearson/Prentice Hall,
Date of publication, distribution, etc. c2005.
300 ## - PHYSICAL DESCRIPTION
Extent xli, 1126 p., viii p. of plates :
Other physical details ill. (some col.) ;
Dimensions 23 cm.
650 #0 - SUBJECT ADDED ENTRY--TOPICAL TERM
Topical term or geographic name entry element College readers.
650 #0 - SUBJECT ADDED ENTRY--TOPICAL TERM
Topical term or geographic name entry element English language
General subdivision Rhetoric
Form subdivision Problems, exercises, etc.
650 #0 - SUBJECT ADDED ENTRY--TOPICAL TERM
Topical term or geographic name entry element Report writing
Form subdivision Problems, exercises, etc.
650 #0 - SUBJECT ADDED ENTRY--TOPICAL TERM
Topical term or geographic name entry element Literature
Form subdivision Collections.
700 1# - ADDED ENTRY--PERSONAL NAME
Personal name Day, Susan,
Dates associated with a name 1950 October 12-
700 1# - ADDED ENTRY--PERSONAL NAME
Personal name Funk, Robert.
942 ## - ADDED ENTRY ELEMENTS (KOHA)
Source of classification or shelving scheme Library of Congress Classification
Koha item type Books
Edition 7th Ed.
Suppress in OPAC No
999 ## -
-- 9530
-- 9530
Holdings
Withdrawn status Lost status Source of classification or shelving scheme Damaged status Not for loan Collection Home library Current library Shelving location Date acquired Total checkouts Full call number Barcode Date last seen Copy number Price effective from Koha item type
    Library of Congress Classification     Non-fiction Business Library (Miotso) Business Library (Miotso) General stacks 03/27/2026   PE1417 .M45 2005 BSSM00003463 04/22/2026 1 03/27/2026 Books
    Library of Congress Classification     Non-fiction Business Library (Miotso) Business Library (Miotso) General stacks 03/27/2026   PE1417 .M45 2005 BSSM00003464 04/22/2026 2 03/27/2026 Books
© 2023-2024 Copyright: Central University Libraries. All Rights Reserved | Created by: Mahone Tech Office